Parcours d'Orient : recueil de textes offert à Christine Kepinski /
This volume contains 23 articles written by 26 authors in order to express the extent of their respect and friendship for Christine Kepinski. The topics addressed in their papers reflect the scientific work of Christine Kepinski, who always promoted interdisciplinary approaches and developed multi-s...
المؤلفون الرئيسيون: ,
مؤلفون آخرون:
التنسيق: كتاب الكتروني
اللغة:
French
English
منشور في:
Oxford :
Archaeopress Publishing Ltd,
[2016]
سلاسل:
Archaeopress archaeology.
الموضوعات:
الوصول للمادة أونلاين: Login to view Source
الوسوم: إضافة وسم
رقم الطلب: DS56
| LEADER | 02203nam a2200469 i 4500 | ||
|---|---|---|---|
| 001 | EDZ0001647953 | ||
| 003 | StDuBDS | ||
| 005 | 20230412181834.0 | ||
| 006 | m|||||o||d|||||||| | ||
| 007 | cr ||||||||||| | ||
| 008 | 170306t20162016enka fob 010|0|fre|d | ||
| 020 | |a 9781784914592 (ebook) : |c No price | ||
| 040 | |a StDuBDS |b eng |c StDuBDS |e rda |e pn | ||
| 041 | 0 | |a fre |a eng |b eng | |
| 050 | 4 | |a DS56 | |
| 082 | 0 | 4 | |a 939.4 |2 23 |
| 245 | 0 | 0 | |a Parcours d'Orient : |b recueil de textes offert à Christine Kepinski / |c sous la direction de Bérengère Perello et Aline Tenu. |
| 264 | 1 | |a Oxford : |b Archaeopress Publishing Ltd, |c [2016] | |
| 264 | 4 | |c ©2016 | |
| 300 | |a 1 online resource : |b illustrations (black and white, and colour). | ||
| 336 | |a text |2 rdacontent | ||
| 336 | |a still image |2 rdacontent | ||
| 337 | |a computer |2 rdamedia | ||
| 338 | |a online resource |2 rdacarrier | ||
| 490 | 1 | |a Archaeopress archaeology | |
| 500 | |a Previously issued in print: 2016. | ||
| 504 | |a Includes bibliographical references. | ||
| 520 | 8 | |a This volume contains 23 articles written by 26 authors in order to express the extent of their respect and friendship for Christine Kepinski. The topics addressed in their papers reflect the scientific work of Christine Kepinski, who always promoted interdisciplinary approaches and developed multi-scale analisis from the object itself to regional study. | |
| 521 | |a Specialized. | ||
| 546 | |a Some articles in French, others in English; all have brief abstracts in both French and English. | ||
| 588 | |a Description based on online resource; title from home page (viewed on March 6, 2017). | ||
| 650 | 0 | |a Excavations (Archaeology) |z Middle East. | |
| 651 | 0 | |a Middle East |x Antiquities. | |
| 700 | 1 | |a Perello, Bérengère, |e author. | |
| 700 | 1 | |a Tenu, Aline, |e author. | |
| 700 | 1 | |a Kepinski-Lecomte, Christine, |e honouree. | |
| 776 | 0 | 8 | |i Print version : |z 9781784914585 |
| 830 | 0 | |a Archaeopress archaeology. | |
| 856 | 4 | 0 | |3 Archaeopress |u http://library.arce.org:8087/Archaeopress/Products/9781784914585 |
| 942 | |2 lcc |c EBOOK | ||
| 952 | |0 0 |1 0 |4 0 |6 DS0056 |7 1 |9 46206 |a ARCH |b ARCH |d 2023-04-12 |l 0 |o DS56 |r 2023-04-12 00:00:00 |w 2023-04-12 |y EBOOK | ||
| 999 | |c 51864 |d 51864 | ||
